000 00435nam a2200157Ia 4500
008 240729s9999 xx 000 0 und d
022 _a2616-4477
245 0 _aPeruvian Journal of Agronomy
260 _aPeru
260 _bUniversidad Nacional Agraria La Molina
650 _a Agriculture (General)
650 _aAgriculture
856 _uhttps://doaj.org/toc/3fe5da725195458db71ac687a16a9cfd
942 _2ddc
942 _cDOAJEJ
999 _c68315
_d68315
945 _a1
_bMadushi Gamage
_c1
_dMadushi Gamage